[Event "Torch Real Estate Cup"]
[Site "Wuxi CHN"]
[Date "2005.05.13"]
[Round "12"]
[White "Wang Yu A"]
[Black "Zhu Chen"]
[Result "0-1"]
[WhiteElo "2373"]
[BlackElo "2494"]

1.e4 c5 2.Nf3 d6 3.d4 cxd4 4.Nxd4 Nf6 5.Nc3 a6 6.Bg5 e6 7.f4 Qc7 8.Qf3 Bd7
9.O-O-O Nc6 10.Qg3 b5 11.f5 b4 12.fxe6 fxe6 13.Nce2 Nxe4 14.Qh4 Nxg5 15.Qxg5 Qa5
16.Qxa5 Nxa5 17.Ng3 Be7 18.Be2 g6 19.Ne4 d5 20.Nf2 Bf6 21.Ng4 Bg7 22.Nf3 Nc6
23.Rde1 h5 24.Nf2 O-O 25.Nd3 Ra7 26.Nc5 Bc8 27.Bd3 Rf6 28.Ng5 e5 29.Bf1 Nd4
30.Nd3 Rf5 31.h4 a5 32.g3 Rc7 33.Bh3 Nxc2 34.Bxf5 Nxe1+ 35.Kd2 Bxf5 36.Nxe1 e4
37.Ng2 Bxb2 38.Ne3 d4 39.Nd5 e3+ 40.Ke1 Rc2 41.Ne7+ Kf8 42.Nxf5 Bc3+ 43.Kf1 e2+  0-1

[Event "Torch Real Estate Cup"]
[Site "Xiapu CHN"]
[Date "2005.06.21"]
[Round "14"]
[White "Pan Qian"]
[Black "Zhu Chen"]
[Result "0-1"]
[WhiteElo "2196"]
[BlackElo "2494"]

1.e4 e5 2.Nf3 Nc6 3.Bc4 Nf6 4.d3 Be7 5.O-O O-O 6.Re1 d6 7.c3 Na5 8.Bb5 a6
9.Ba4 b5 10.Bc2 c5 11.Nbd2 Nc6 12.Nf1 Re8 13.Ng3 g6 14.h3 Bf8 15.d4 cxd4
16.cxd4 Bd7 17.Bg5 h6 18.Be3 exd4 19.Nxd4 d5 20.exd5 Nxd5 21.Nxc6 Bxc6 22.Bd4 Qh4
23.Be4 Rad8 24.Qf3 Re6 25.Rac1 Ba8 26.Kh2 Qg5 27.Red1 Bd6 28.Kg1 Qe7 29.Bxd5 Bxd5
30.Qxd5 Bxg3 31.Qc5 Bd6 32.Qc2 Re8 33.Be3 Qf6 34.Qc3 Be5 35.Bd4 Bxd4 36.Rxd4 Re2
37.Rf1 Kg7 38.a3 R8e6 39.b4 Rc6 40.Qd3 Rxf2 41.Rxf2 Rc1+ 42.Kh2 Qxf2  0-1

[Event "Torch Real Estate Cup"]
[Site "Xiapu CHN"]
[Date "2005.06.22"]
[Round "15"]
[White "Zhu Chen"]
[Black "Ruan Lufei"]
[Result "1/2-1/2"]
[WhiteElo "2494"]
[BlackElo "2366"]

1.d4 d5 2.c4 c6 3.Nc3 Nf6 4.e3 e6 5.Nf3 Nbd7 6.Bd3 dxc4 7.Bxc4 b5 8.Bd3 Bb7
9.e4 b4 10.Na4 c5 11.e5 Nd5 12.O-O cxd4 13.Re1 Be7 14.Nxd4 Nc7 15.Qg4  1/2-1/2

[Event "Torch Real Estate Cup"]
[Site "Xiapu CHN"]
[Date "2005.06.24"]
[Round "17"]
[White "Zhu Chen"]
[Black "Zhao Lan"]
[Result "1/2-1/2"]
[WhiteElo "2494"]
[BlackElo "2187"]

1.e4 c5 2.Nf3 e6 3.d4 cxd4 4.Nxd4 Nf6 5.Nc3 d6 6.g4 Nc6 7.g5 Nd7 8.h4 a6
9.Be3 Qc7 10.Qd2 Nxd4 11.Qxd4 Ne5 12.Be2 b5 13.a3 Nc6 14.Qd2 Rb8 15.h5 b4
16.axb4 Rxb4 17.b3 Rb8 18.f4 Be7 19.Rg1 Nb4 20.Bc4 Bb7 21.g6 Bf6 22.gxf7+ Qxf7
23.f5 d5 24.fxe6 Qxe6 25.Nxd5 Bxd5 26.Bxd5 Nxd5 27.exd5 Qe5 28.Rxa6 O-O 29.h6 Bh4+
30.Kd1 g6 31.Qd4 Rbe8 32.Qxe5 Rxe5 33.Bd2 Rxd5 34.Kc1 Rfd8 35.Ba5 Rc8 36.Kb1 Bg5
37.Rh1 Rdc5 38.c4 Rb8 39.Kc2 Re8 40.Bc3 Rf5 41.b4 Rf2+ 42.Kb1 Rf3 43.Bb2 Rb3
44.b5 Re2 45.Rxg6+ Kf8 46.Rf1+ Ke8 47.Rg8+ Ke7 48.Rg7+ Ke8 49.Rg8+ Ke7 50.Rg7+  1/2-1/2

[Event "Torch Real Estate Cup"]
[Site "Xiapu CHN"]
[Date "2005.06.25"]
[Round "18"]
[White "Huang Qian"]
[Black "Zhu Chen"]
[Result "1/2-1/2"]
[WhiteElo "2382"]
[BlackElo "2494"]

1.d4 Nf6 2.c4 e6 3.Nc3 Bb4 4.Qc2 c5 5.dxc5 Qc7 6.a3 Bxc5 7.Nf3 a6 8.e3 b6
9.b3 Bb7 10.Bb2 Be7 11.Bd3 d6 12.Ne4 Nbd7 13.Rc1 Rc8 14.O-O Qb8 15.Nxf6+ Bxf6
16.Bxf6 Nxf6 17.Rfd1 O-O 18.Qb2 Rfd8 19.Be2 d5 20.cxd5 Nxd5 21.h3 Rxc1 22.Rxc1 Rc8
23.Nd2 h6 24.Bf3 Rxc1+ 25.Qxc1 Nf6 26.Qc4 b5 27.Qc5 Bxf3 28.Nxf3 Qf8 29.Qxf8+ Kxf8
30.Kf1  1/2-1/2

[Event "ACT Open"]
[Site "Amsterdam NED"]
[Date "2005.07.16"]
[Round "1"]
[White "Doggers,P"]
[Black "Zhu Chen"]
[Result "0-1"]
[WhiteElo "2249"]
[BlackElo "2494"]

1.e4 c5 2.Nf3 d6 3.d4 cxd4 4.Nxd4 Nf6 5.Nc3 a6 6.Be2 e5 7.Nb3 Be7 8.Bg5 Nbd7
9.a4 b6 10.Bc4 Bb7 11.Qe2 h6 12.Bxf6 Nxf6 13.O-O O-O 14.Rfd1 Qc8 15.Nd5 Bxd5
16.Bxd5 Ra7 17.c3 Rc7 18.Nc1 Nxd5 19.Rxd5 Rc4 20.a5 b5 21.Nd3 f5 22.f3 Qb7
23.Kh1 fxe4 24.fxe4 Rf6 25.h3 Bf8 26.Kh2 Qf7 27.Qe3 Qg6 28.Re1 h5 29.Nb4 Rf4
30.Rd4 exd4 31.Qxf4 dxc3 32.bxc3 d5 33.Kh1 Bxb4 34.cxb4 Rc2 35.Qf3 d4 36.e5 d3
37.Rd1 Rc3 38.e6 Qxe6 39.Rxd3 Qe1+ 40.Kh2 Rxd3 41.Qxd3 Qxb4 42.Qd5+ Kf8 43.Qa8+ Ke7
44.Qb7+ Ke6 45.Qc8+ Kd5 46.Qb7+ Kc5 47.Qb6+ Kc4 48.Qxa6 Qc5 49.Qa8 Kb4 50.Qd8 g5
51.Kh1 Qc1+ 52.Kh2 Qf4+ 53.g3 Qf2+ 54.Kh1 Qxg3 55.a6 Qxh3+ 56.Kg1 Qe3+ 57.Kg2 Qe4+
58.Kf2 Qf5+  0-1

[Event "ACT Open"]
[Site "Amsterdam NED"]
[Date "2005.07.17"]
[Round "2"]
[White "Zhu Chen"]
[Black "Burg,T"]
[Result "1-0"]
[WhiteElo "2494"]
[BlackElo "2218"]

1.d4 Nf6 2.c4 g6 3.Nc3 Bg7 4.e4 d6 5.Nf3 O-O 6.Be2 e5 7.d5 a5 8.Bg5 h6 9.Bh4 Na6
10.Nd2 Qe8 11.O-O Bd7 12.b3 Nh7 13.a3 h5 14.f3 f5 15.Bf2 Bh6 16.Qc2 Qe7 17.Rfe1 h4
18.Nf1 Bf4 19.b4 fxe4 20.Nxe4 axb4 21.axb4 Bf5 22.c5 Nxb4 23.Qb3 Na6 24.c6 bxc6
25.Bxa6 cxd5 26.Bb7 Rab8 27.Bxd5+ Kh8 28.Qc3 c5 29.Ra6 Rfd8 30.Be3 g5 31.Bxf4 gxf4
32.Nxd6 Rxd6 33.Rxe5 Qf6 34.Rxd6 Qxd6 35.Re8+  1-0

[Event "ACT Open"]
[Site "Amsterdam NED"]
[Date "2005.07.19"]
[Round "4"]
[White "Zhu Chen"]
[Black "Van Leent,D"]
[Result "1-0"]
[WhiteElo "2494"]
[BlackElo "2261"]

1.d4 Nf6 2.Nf3 g6 3.c4 Bg7 4.Nc3 d5 5.e3 c5 6.dxc5 Qa5 7.cxd5 Ne4 8.Bd2 Nxc3
9.Qb3 Nd7 10.Bxc3 Bxc3+ 11.Qxc3 Qxc3+ 12.bxc3 Nxc5 13.Bb5+ Kf8 14.Nd4 Kg7
15.f3 Rd8 16.e4 e6 17.dxe6 Bxe6 18.Kf2 Rac8 19.Rhd1 Kf6 20.Nxe6 Rxd1 21.Rxd1 Nxe6
22.Rc1 Rc5 23.Bf1 Ke5 24.g3 g5 25.Ke3 f5 26.exf5 Kxf5 27.Bd3+ Ke5 28.Bxh7 Nc7
29.Bg8 b6 30.Kd3 Kd6 31.Rd1 Nb5 32.c4 Nc7 33.Ke4+ Ke7 34.Rd2 Ne8 35.Bd5 Kf6
36.Kd4 Ng7 37.g4 Rc8 38.Rf2 Rd8 39.Kc3 Ke5 40.Re2+ Kf6 41.Kb4 Rd7 42.Kb5 Rc7
43.Ka6 Kg6 44.a4 Kf6 45.a5 bxa5 46.Kxa5 Rd7 47.Kb5 Rd6 48.Ra2 Rd7 49.Ra6+  1-0

[Event "ACT Open"]
[Site "Amsterdam NED"]
[Date "2005.07.20"]
[Round "5"]
[White "Khenkin,I"]
[Black "Zhu Chen"]
[Result "1-0"]
[WhiteElo "2610"]
[BlackElo "2494"]

1.d4 d5 2.c4 c6 3.Nf3 Nf6 4.e3 e6 5.Bd3 dxc4 6.Bxc4 Nbd7 7.O-O Bd6 8.Nc3 O-O
9.e4 e5 10.Be3 Qc7 11.Rc1 exd4 12.Nb5 Qb8 13.Nxd6 Qxd6 14.Bxd4 Nxe4 15.Re1 Nef6
16.Ng5 Nd5 17.Qh5 h6 18.Ne4 Qf4 19.Bxd5 cxd5 20.g3 Qb8 21.Qxd5 Nb6 22.Qh5 Bd7
23.Nf6+ gxf6 24.Qxh6 Nd5 25.Re4 Rc8 26.Rxc8+ Qxc8 27.Rh4  1-0

[Event "ACT Open"]
[Site "Amsterdam NED"]
[Date "2005.07.21"]
[Round "6"]
[White "Zhu Chen"]
[Black "Belkhodja,S"]
[Result "0-1"]
[WhiteElo "2494"]
[BlackElo "2468"]

1.d4 d6 2.Nf3 Nf6 3.g3 g6 4.Bg2 Bg7 5.O-O O-O 6.c4 Nbd7 7.Nc3 e5 8.h3 Re8
9.e4 exd4 10.Nxd4 Nc5 11.Re1 Bd7 12.Rb1 Qc8 13.Kh2 h6 14.f3 a6 15.Be3 Ne6
16.Nde2 b5 17.cxb5 axb5 18.a3 Rb8 19.Qd2 h5 20.Na2 Bc6 21.Nec3 Ba8 22.Bf1 c6
23.Rbc1 Qd7 24.Red1 d5 25.Bh6 h4 26.g4 Qc7+ 27.Kh1 Bxh6 28.Qxh6 Qg3 29.Qd2 dxe4
30.fxe4 c5 31.Bg2 Nf4 32.Rf1 Nxg2 33.Rxf6 Qxh3+ 34.Kg1 Ne3 35.Re1 Qg3+ 36.Kh1 Rxe4  0-1

[Event "ACT Open"]
[Site "Amsterdam NED"]
[Date "2005.07.22"]
[Round "7"]
[White "Schoorl,R"]
[Black "Zhu Chen"]
[Result "1/2-1/2"]
[WhiteElo "2239"]
[BlackElo "2494"]

1.e4 c5 2.Nf3 Nc6 3.d4 cxd4 4.Nxd4 Qb6 5.Nb3 Nf6 6.Nc3 e6 7.Qe2 Bb4 8.Bd2 O-O
9.a3 Be7 10.g4 d5 11.g5 Nxe4 12.Nxe4 dxe4 13.Qxe4 e5 14.Bd3 g6 15.O-O-O Bf5
16.Qe2 Bxd3 17.Qxd3 Rfd8 18.Qg3 Nd4 19.Qxe5 Nxb3+ 20.cxb3 Rxd2 21.Kxd2 Bf8
22.Qe3 Bc5 23.Qc3 Bd4 24.Qc4 Bxb2 25.Kc2 Bxa3 26.Rd2 Bb4 27.Rd4 Bc5 28.Rf4 Rf8
29.Re1 Qc7 30.Rfe4 b5 31.Qxb5 Bxf2+ 32.Rc4 Qd8 33.Re2 Bb6 34.h4 h6 35.gxh6 Qf6
36.Re8 Rxe8 37.Qxe8+ Kh7 38.Qf8 Qf2+ 39.Kc3 Qe1+ 40.Kc2 Qf2+ 41.Kc3 Qf6+
42.Kc2 Bd4 43.Rxd4 Qxd4 44.Qxf7+ Kxh6 45.Qe7 Qf2+ 46.Kc3 Qf3+ 47.Kb2 Qg2+
48.Ka3 Qg1 49.Kb2 Qd4+ 50.Ka2 Qd2+ 51.Kb1 a5 52.Ka1 Kh5 53.Qh7+ Qh6 54.Qe7 Qc1+
55.Ka2 Qd2+ 56.Ka3 Qb4+ 57.Qxb4 axb4+ 58.Kxb4 Kxh4 59.Kc4 g5 60.b4 g4  1/2-1/2

[Event "ACT Open"]
[Site "Amsterdam NED"]
[Date "2005.07.23"]
[Round "8"]
[White "Zhu Chen"]
[Black "Van der Elburg,F"]
[Result "1/2-1/2"]
[WhiteElo "2494"]
[BlackElo "2290"]

1.d4 f5 2.Nf3 Nf6 3.g3 g6 4.Bg2 Bg7 5.O-O O-O 6.c4 d6 7.Nc3 Qe8 8.d5 a5 9.Be3 Na6
10.Qc1 Ng4 11.Bd2 Bd7 12.h3 Nf6 13.Bh6 Nc5 14.Nd4 c6 15.Bxg7 Kxg7 16.Qe3 e5
17.dxe6 Bxe6 18.Nxe6+ Qxe6 19.Qxe6 Nxe6 20.Rad1 Rad8 21.Rd2 Kf7 22.Rfd1 Ke7
23.Na4 f4 24.Rd3 fxg3 25.fxg3 Ne8 26.Rb3 Rd7 27.h4 Rf5 28.Re3 Nf6 29.Nb6 Rd8
30.Red3 Ne8 31.Rf1 Rxf1+ 32.Bxf1 Nf6 33.Ra3 Ne4 34.Bg2 N4c5 35.Rxa5 Nd4 36.b4 Na6
37.e3 Nc2 38.b5 cxb5 39.Nd5+ Ke6 40.Be4 Ncb4 41.Nxb4 Nxb4 42.Rxb5 Nxa2 43.Bd5+ Ke7
44.Rb3 Nc1 45.Ra3 Rb8 46.Ra7 Kf6 47.Bxb7 Nd3 48.Bd5 Rb1+ 49.Kg2 Rb2+ 50.Kf1 Ne5
51.Rxh7 Rb3 52.Ke2 Rb2+ 53.Kf1 Rb3 54.Kg2 Rxe3 55.Rh8 Rc3 56.Kh3 Rc2 57.Rf8+ Kg7
58.Rf4 Rd2 59.g4 Rd3+ 60.Kg2 Rd2+ 61.Kg3 Rd3+ 62.Kg2 Rd2+ 63.Kf1 g5 64.hxg5 Kg6
65.Rf8 Nxg4 66.Rg8+ Kf5 67.Ke1 Rd4 68.g6 Nf6 69.Rd8 Nxd5 70.cxd5 Kxg6 71.Rxd6+ Kf5
72.Ke2 Ke5  1/2-1/2

[Event "ACT Open"]
[Site "Amsterdam NED"]
[Date "2005.07.24"]
[Round "9"]
[White "Halay,T"]
[Black "Zhu Chen"]
[Result "1-0"]
[WhiteElo "2320"]
[BlackElo "2494"]

1.d4 d5 2.c4 c6 3.Nc3 Nf6 4.Nf3 dxc4 5.a4 Bf5 6.e3 e6 7.Bxc4 Bb4 8.O-O Nbd7
9.Qe2 Bg6 10.e4 O-O 11.Bd3 Bh5 12.e5 Nd5 13.Ne4 Be7 14.Ng3 Bg6 15.Bxg6 hxg6
16.Ne4 c5 17.Neg5 cxd4 18.Qe4 Re8 19.Rd1 Rc8 20.Qh4 Nf8 21.Rxd4 Rc2 22.Bd2 f6
23.exf6 gxf6 24.Nxe6 Nxe6 25.Qe4 Nxd4 26.Qxg6+ Kh8 27.Nxd4 Rxd2 28.Qh6+ Kg8
29.Qg6+ Kh8 30.Ne6 Bf8 31.Qh5+ Kg8 32.Qg6+ Kh8 33.Nxd8 Rxd8 34.h4 Rd6 35.Qf7 Rd8
36.Rc1 Bh6 37.Qg6 Bg7 38.Rc4 Ne7 39.Qh5+ Kg8 40.Rc7 Rd1+ 41.Kh2 R1d5 42.Qg4 f5
43.Qg5 R8d7 44.Rc4 Kf8 45.h5 R5d6 46.g4 Kg8 47.gxf5 Kh7 48.Rg4 Ng8 49.Qe3 b6
50.Rg6 Rf6 51.Qg5 Rdf7 52.Kh1 Bh6 53.Qg3 Bg7 54.Qg5 Rd7 55.Kg2 Rf8 56.h6 Bf6
57.Qe3 Bxb2 58.Qe4 Bf6 59.Qe6 Rdf7 60.Qe2 Ba1 61.Qg4 Kh8 62.Kf1 Ne7 63.Qd1 Be5
64.Re6  1-0

[Event "VII Sants Open"]
[Site "Barcelona ESP"]
[Date "2005.08.27"]
[Round "1"]
[White "Zhu Chen"]
[Black "Navarro Fornos,P"]
[Result "1-0"]
[WhiteElo "2494"]
[BlackElo "2037"]

1.d4 Nf6 2.c4 e6 3.Nf3 c5 4.d5 d6 5.Nc3 Be7 6.e4 a6 7.h3 e5 8.a3 O-O 9.b4 Nbd7
10.Be3 b6 11.Bd3 Re8 12.O-O a5 13.bxa5 Rxa5 14.Nd2 Nf8 15.Bc2 Bd7 16.Ba4 Bxa4
17.Nxa4 Qc7 18.Nc3 Rea8 19.f4 exf4 20.Bxf4 Ng6 21.Nb5 Qd7 22.Bh2 Ne8 23.a4 Nc7
24.Nc3 Bf6 25.Rxf6 gxf6 26.Qf3 Qe7 27.Rb1 R5a6 28.Nf1 Ne5 29.Qg3+ Kh8 30.Ne3 Rg8
31.Qf2 Rg6 32.Kh1 Ne8 33.Qh4 Qf8 34.Bf4 Nd3 35.Nf5 Nxf4 36.Qxf4 Ng7 37.Qxd6 Qxd6
38.Nxd6 Rg3 39.Nxf7+ Kg8 40.Nh6+ Kf8 41.Rc1 Nh5 42.Kh2 Rd3 43.Ng4 Ra7 44.Rc2 Kg7
45.Nf2 Re3 46.Nfd1 Rd3 47.Rb2 Ra6 48.Rf2 Ng3 49.Rf3 Rxf3 50.gxf3 Nf1+ 51.Kg2 Nd2
52.Nb2 Kf7 53.Kf2 Ra8 54.Ke3 Nb3 55.f4 Rg8 56.Kf2 Nd4 57.Nd3 Rg6 58.a5 bxa5
59.Nxc5 Rg8 60.e5 fxe5 61.fxe5 Rc8 62.Nb7 Ra8 63.Nd6+ Ke7 64.Ke3 Nc2+ 65.Kd2 Nd4
66.Kd3 Nb3 67.Nf5+ Kd8 68.Na4 Rc8 69.e6 Nc5+ 70.Nxc5 Rxc5 71.e7+ Ke8 72.Kd4 Rc7
73.d6 Rd7 74.Ng7+ Kf7 75.e8=Q+  1-0

[Event "VII Sants Open"]
[Site "Barcelona ESP"]
[Date "2005.08.28"]
[Round "2"]
[White "Pellus Ruiz,J"]
[Black "Zhu Chen"]
[Result "0-1"]
[WhiteElo "2124"]
[BlackElo "2494"]

1.c4 e5 2.Nc3 Nf6 3.g3 d5 4.cxd5 Nxd5 5.Bg2 Nb6 6.Nf3 Nc6 7.O-O Be7 8.d3 O-O
9.a3 Qe8 10.Be3 Bg4 11.h3 Bh5 12.Rc1 Rb8 13.Na4 e4 14.Ne1 Nxa4 15.Qxa4 exd3
16.Nxd3 Bxe2 17.Rfd1 Bxd1 18.Rxd1 Qc8 19.Bxc6 bxc6 20.Qxc6 Rd8 21.Rd2 Qd7
22.Qxd7 Rxd7 23.Kf1 Rbd8 24.Ke2 a5 25.a4 Bf6 26.Nc5 Rxd2+ 27.Bxd2 Bxb2 28.Bxa5 Rd5
29.Nb3 c5 30.Bb6 c4  0-1

[Event "VII Sants Open"]
[Site "Barcelona ESP"]
[Date "2005.08.28"]
[Round "3"]
[White "Zhu Chen"]
[Black "Mela,B"]
[Result "1/2-1/2"]
[WhiteElo "2494"]
[BlackElo "2299"]

1.d4 Nf6 2.c4 c5 3.d5 b5 4.cxb5 a6 5.bxa6 g6 6.Nc3 Bxa6 7.e4 Bxf1 8.Kxf1 d6
9.Nf3 Nbd7 10.h3 Bg7 11.g3 O-O 12.Kg2 Ra6 13.Re1 Qa8 14.Bf4 h6 15.Re2 g5
16.Bd2 e6 17.Be1 exd5 18.Nxd5 Nxd5 19.Qxd5 Qxd5 20.exd5 Nb6 21.a3 Nc4 22.Ra2 Rb8
23.b4 cxb4 24.Bxb4 Rb5 25.Rec2 Nb6 26.Bxd6 Nxd5 27.Rc8+ Kh7 28.Rc5 Rxc5 29.Bxc5 Nc3
30.Rc2 Nb5 31.Nd2 Kg8 32.Bb4 Ra7 33.Rc8+ Kh7 34.Nc4 Ra6 35.Rb8 Nd4 36.Rb7 Kg8
37.Ne3 Ra8 38.Bc5 Ne6 39.Bd6 Ra6 40.Nf5 Nd4 41.Ne7+ Kh7 42.Bc5 Ne6 43.Bb4 Bb2
44.Nf5 Bxa3 45.Bxa3 Rxa3 46.Nd6 Nd8 47.Rd7 Ra8 48.Re7 Kg6 49.Re8 Rb8 50.Rg8+ Kh7
51.Re8 Kg6  1/2-1/2

[Event "VII Sants Open"]
[Site "Barcelona ESP"]
[Date "2005.08.29"]
[Round "4"]
[White "Asensio Linan,T"]
[Black "Zhu Chen"]
[Result "0-1"]
[WhiteElo "2228"]
[BlackElo "2494"]

1.d4 Nf6 2.Bg5 e6 3.e3 Be7 4.Nd2 c5 5.Ngf3 cxd4 6.exd4 b6 7.Bd3 Bb7 8.O-O d6
9.Re1 Nbd7 10.a4 a6 11.a5 b5 12.c4 bxc4 13.Nxc4 O-O 14.b4 Ne8 15.Bxe7 Qxe7
16.d5 Rb8 17.Nd4 Bxd5 18.Bxh7+ Kxh7 19.Qh5+ Kg8 20.Qxd5 Qf6 21.Qc6 Qxd4 22.Rad1 Qa7
23.Nxd6 Nxd6 24.Rxd6 Nf6 25.Rb1 Rfc8 26.Qf3 Nd5 27.Qg4 Rxb4  0-1

[Event "VII Sants Open"]
[Site "Barcelona ESP"]
[Date "2005.08.30"]
[Round "5"]
[White "Zhu Chen"]
[Black "Hernando Rodrigo,Jo"]
[Result "1-0"]
[WhiteElo "2494"]
[BlackElo "2351"]

1.d4 Nf6 2.Nf3 g6 3.g3 Bg7 4.Bg2 O-O 5.O-O d5 6.c4 Nc6 7.cxd5 Nxd5 8.Nc3 Nb6
9.e3 e5 10.d5 Nb4 11.e4 c6 12.Be3 Re8 13.Qb3 Bf8 14.a3 Na6 15.Rfd1 cxd5 16.Bxb6 Qxb6
17.Qxb6 axb6 18.Nxd5 Re6 19.Bh3 Rd6 20.Bxc8 Rxc8 21.Nxe5 Re6 22.Nd3 Nc5 23.Rac1 Ra8
24.Nxc5 bxc5 25.Nc7 Ra4 26.Nxe6 fxe6 27.Rd8 b6 28.Rc3 Kg7 29.Rf3  1-0

[Event "VII Sants Open"]
[Site "Barcelona ESP"]
[Date "2005.09.01"]
[Round "7"]
[White "Mascaro March,P"]
[Black "Zhu Chen"]
[Result "0-1"]
[WhiteElo "2406"]
[BlackElo "2494"]

1.d4 Nf6 2.c4 e6 3.g3 c5 4.d5 exd5 5.cxd5 d6 6.Nc3 g6 7.Bg2 Bg7 8.Nf3 O-O
9.O-O Re8 10.h3 Nbd7 11.a4 Ne4 12.Nxe4 Rxe4 13.Nd2 Re8 14.Re1 b6 15.Qc2 Ba6
16.Ne4 Qe7 17.Bg5 f6 18.Bd2 Rac8 19.Nc3 f5 20.e4 fxe4 21.Nxe4 Bd4 22.Bf4 Qg7
23.Nxd6 Rxe1+ 24.Rxe1 Rf8 25.Nb5 Bxb5 26.axb5 g5 27.Be3 Re8 28.Qf5 Bxb2 29.d6 Re5
30.Qb1 Bd4 31.Qa2+ Qf7 32.Qxa7 Qe6 33.Qc7 h5 34.Kh2 h4 35.Qd8+ Kf7 36.gxh4 Qxd6
37.Kh1 gxh4 38.Bc6 Re7 39.Rg1 Bg7 40.Rg5 Qd1+ 41.Kg2 Qd6 42.Rf5+ Bf6 43.Rd5 Qb8
44.Rxd7 Qxd8 45.Bd5+ Ke8 46.Kf3 Rxd7 47.Ke4 Ra7 48.f4 Ke7 49.Bc4 Ra4  0-1

[Event "VII Sants Open"]
[Site "Barcelona ESP"]
[Date "2005.09.02"]
[Round "8"]
[White "Zude,E"]
[Black "Zhu Chen"]
[Result "0-1"]
[WhiteElo "2424"]
[BlackElo "2494"]

1.d4 Nf6 2.c4 e6 3.Nc3 Bb4 4.e3 b6 5.f3 Bxc3+ 6.bxc3 d6 7.e4 Nbd7 8.Bd3 e5
9.Ne2 Nh5 10.g3 Bb7 11.g4 Qh4+ 12.Kf1 f5 13.gxf5 g6 14.f6 O-O 15.Kg2 Rxf6
16.Qe1 Qxe1 17.Rxe1 Ba6 18.Bg5 Rf7 19.a4 Kg7 20.a5 h6 21.Be3 c5 22.Ra2 Bb7
23.axb6 axb6 24.Rxa8 Bxa8 25.Ra1 Bb7 26.Bc2 Bc6 27.d5 Bb7 28.Ba4 g5 29.Bb5 Nf4+
30.Kf2 Nxe2 31.Kxe2 Nf6 32.h4 Nh7 33.Be8 Re7 34.Ra7 Kf6 35.Bh5 Bxd5 36.Ra4 Bxc4+
37.Rxc4 b5 38.hxg5+ Nxg5 39.Rxc5 dxc5 40.Bxc5 Rc7 41.Bb4 Ne6 42.Be8 h5 43.Kf2 h4
44.Bxb5 Rg7 45.Bf1 Nf4 46.Ba5 h3 47.Bc4 h2  0-1

[Event "VII Sants Open"]
[Site "Barcelona ESP"]
[Date "2005.09.04"]
[Round "10"]
[White "Purnama,T"]
[Black "Zhu Chen"]
[Result "1/2-1/2"]
[WhiteElo "2337"]
[BlackElo "2494"]

1.d4 d5 2.c4 c6 3.Nf3 Nf6 4.Nc3 e6 5.Bg5 Nbd7 6.e3 Qa5 7.cxd5 Nxd5 8.Qb3 Bb4
9.Rc1 h6 10.Bh4 c5 11.Nd2 cxd4 12.exd4 O-O 13.Nc4 Qc7 14.Bg3 Qc6 15.a3 Nxc3
16.bxc3 Qe4+ 17.Ne3 Ba5 18.Qb5 b6 19.Be2 a6 20.Qa4 Ra7 21.O-O Nf6 22.Bf3 Qg6
23.Nc4 Bd7 24.Bc6 Bxc6 25.Qxc6 Qe4 26.Nxa5 bxa5 27.Qc5 Rb7 28.Qxa5 Rb2 29.Qxa6 Ra8
30.Qd6 Qb7 31.c4 Ne4 32.Qe5 Nxg3 33.Qxg3 Rb3 34.Qe5 Raxa3 35.d5 Ra5 36.Rfd1 exd5
37.cxd5 Qd7 38.Rd2 Rbb5 39.Rcd1 Ra6 40.h4 Rd6 41.Rd3 Kh8 42.Qe4 Rb8 43.Re3 Rd8
44.Red3 Qb7 45.Qc4 Qd7 46.Qd4 Qe7 47.Rg3 f6 48.Qc4 Qf7 49.Rgd3 Qh5 50.g3 Qf5
51.Kg2 Qe5 52.Rd4 Qf5 53.R1d3 Qd7 54.Qc5 Rc8 55.Qb4 Rd8 56.Qa5 Qb7 57.Rb4 Qd7
58.Rb5 Qf5 59.Rd4 Qe5 60.Qa4 Qf5 61.Qc4 Qd7 62.Rc5 Qf5 63.Rd2 Qd7 64.Kg1 Qf5
65.Rd4 Qb1+ 66.Kh2 Qf5 67.Rf4 Qe5 68.Rd4 Qf5 69.Qa2 Qf3 70.Qd2 Qf5 71.Kg2 Qd7
72.Qc2 Qa7 73.Rdc4 Qb7 74.Qg6 Rxd5 75.Rc7 Rg5+ 76.Rxb7 Rxg6 77.Rb6 Kh7 78.Rb5 f5
79.Rxf5 Rgd6 80.Rf7 R6d7 81.Rc6 h5 82.Kf3 Rxf7+ 83.Ke3 Re7+ 84.Kf4 Rf7+ 85.Ke3 Re7+
86.Kf3 Rf7+ 87.Kg2 g6 88.f3 Rb7 89.g4 Rb3 90.g5 Kg7 91.Rf6 Ra3 92.Kg3 Ra4
93.Rf4 Ra7 94.Rd4 Rb7 95.Rd5 Rf7  1/2-1/2

[Event "Gibtelecom Masters"]
[Site "Gibraltar ENG"]
[Date "2006.01.24"]
[Round "1"]
[White "Tscharotschkin,M"]
[Black "Zhu Chen"]
[Result "1/2-1/2"]
[WhiteElo "2227"]
[BlackElo "2482"]

1.e4 c5 2.c3 Nf6 3.e5 Nd5 4.d4 cxd4 5.cxd4 e6 6.Nf3 b6 7.Bd3 Ba6 8.O-O Be7
9.a3 O-O 10.Re1 Bxd3 11.Qxd3 d6 12.Bd2 Nd7 13.Nc3 Nxc3 14.Bxc3 dxe5 15.dxe5 Nc5
16.Qe3 Qd3 17.Rad1 Qxe3 18.Rxe3 Rad8 19.Rxd8 Rxd8 20.g3 Rd1+ 21.Kg2 h5 22.h4 Na4
23.Bd4 a6 24.b3 Nc5 25.b4 Na4 26.Re1 Rd3 27.Re3 Rd1 28.Re1 Rxe1 29.Nxe1 Kf8
30.Kf3 Ke8 31.Ke4 Kd7 32.Kd3 Kc6 33.Kc4 g5 34.Ng2 b5+ 35.Kd3 Nb6 36.Bxb6 Kxb6
37.hxg5 Bxg5 38.f4 Be7 39.Ne3 a5 40.Nc2 h4 41.gxh4 Bxh4 42.Nd4 axb4 43.axb4  1/2-1/2

[Event "Gibtelecom Masters"]
[Site "Gibraltar ENG"]
[Date "2006.01.25"]
[Round "2"]
[White "Zhu Chen"]
[Black "Nimmy,A"]
[Result "1-0"]
[WhiteElo "2482"]
[BlackElo "2123"]

1.d4 d5 2.c4 c6 3.Nf3 Nf6 4.Nc3 dxc4 5.a4 Bf5 6.Ne5 Na6 7.e3 Nb4 8.Bxc4 e6
9.O-O Bd6 10.Qe2 Bxe5 11.dxe5 Ne4 12.Rd1 Qe7 13.f3 Nc5 14.e4 Bg6 15.Be3 b6
16.a5 O-O 17.axb6 axb6 18.Rxa8 Rxa8 19.Qd2 Kf8 20.Ne2 Nba6 21.b4 Na4 22.Bxa6 Rxa6
23.Bg5 f6 24.Bh4 c5 25.exf6 gxf6 26.e5 cxb4 27.exf6 Qc7 28.Bg3 e5 29.Kh1 Nc3
30.Nd4 Qd7 31.Qh6+ Kg8 32.Re1 exd4 33.Bd6 Ra8 34.Be7 Qxe7 35.fxe7 d3 36.h4 Ne2
37.Kh2 b3 38.h5 Bf7 39.Qg5+ Kh8 40.h6  1-0

[Event "Gibtelecom Masters"]
[Site "Gibraltar ENG"]
[Date "2006.01.27"]
[Round "4"]
[White "Zhu Chen"]
[Black "El Amari,K"]
[Result "1-0"]
[WhiteElo "2482"]
[BlackElo "2137"]

1.d4 d5 2.c4 e6 3.Nf3 Nf6 4.Nc3 Nbd7 5.Bf4 c6 6.e3 Be7 7.h3 Qa5 8.Nd2 O-O
9.a3 dxc4 10.Nxc4 Qd8 11.Bd3 a6 12.O-O c5 13.Qf3 cxd4 14.exd4 Nb6 15.Ne5 Nbd5
16.Bg5 Nxc3 17.bxc3 Qd5 18.Rfb1 Qxf3 19.Nxf3 b5 20.a4 bxa4 21.Rxa4 a5 22.Ne5 Bd6
23.c4 h6 24.Be3 Bxe5 25.dxe5 Bd7 26.Ra3 Nh7 27.Rb7 Rfd8 28.Bb6 Bc6 29.Bxd8 Bxb7
30.Bxa5 Nf8 31.Bb4 Rxa3 32.Bxa3 Nd7 33.Bd6 Bc6 34.c5 f6 35.f4 Kf7 36.Kf2 g5
37.g3 Kg7 38.Ke3 f5 39.Bc4 gxf4+ 40.gxf4 Kf7 41.Kd4 Ba4 42.Kc3 Bc6 43.Kb4  1-0

[Event "Gibtelecom Masters"]
[Site "Gibraltar ENG"]
[Date "2006.01.28"]
[Round "5"]
[White "Agdestein,Em"]
[Black "Zhu Chen"]
[Result "0-1"]
[WhiteElo "2053"]
[BlackElo "2482"]

1.e4 c5 2.Nc3 Nc6 3.Nf3 e6 4.d4 cxd4 5.Nxd4 Qc7 6.Be3 a6 7.Qd2 Nf6 8.f3 b5
9.O-O-O Bb4 10.g4 h6 11.Be2 Bb7 12.h4 O-O-O 13.a3 Ba5 14.g5 Nh5 15.Nb3 Ng3
16.Nxa5 Nxa5 17.Rhg1 Nxe2+ 18.Qxe2 hxg5 19.hxg5 Nc4 20.Rg2 Nxa3 21.bxa3 Qxc3
22.Qd3 Qxd3 23.cxd3 Rh3 24.Bb6 Rdh8 25.Rf2 Rg3 26.f4 Rhh3 27.Kc2 Bc6 28.Rdd2 d6
29.Bd4 g6 30.e5 Kd7 31.exd6 Kxd6 32.Be5+ Kc5 33.Rh2 Rxd3 34.Rxh3 Rxh3 35.Kb2 Bd5
36.Rc2+ Bc4 37.Rc3 Rh4 38.Rc2 Kc6 39.Bb8 a5 40.Be5 Kb6 41.Bb8 Bd3 42.Bc7+ Kb7
43.Rc3 Bc4 44.Be5 a4 45.Bd6 Kc6 46.Bb8 Kc5 47.Rc2 b4 48.axb4+ Kxb4 49.Bd6+ Kb5
50.Rc3 Rh8 51.Be7 Rb8 52.Ka3 Rb7 53.Bf6 Rd7 54.Kb2 Rd2+ 55.Ka1 Rf2 56.Be5 Kb4
57.Rc1 a3 58.Re1 a2 59.Rd1 Re2 60.Rc1 Kc5 61.Bc7 Kd5 62.Bb8 Bb3 63.Rf1 Ke4
64.Bc7 Kf5 65.Bb8 Rc2 66.Bd6 Bc4 67.Re1 Rf2 68.Rc1 Bd5 69.Re1 Rxf4 70.Bxf4 Kxf4
71.Rf1+ Kxg5  0-1

[Event "Gibtelecom Masters"]
[Site "Gibraltar ENG"]
[Date "2006.01.29"]
[Round "6"]
[White "Zhu Chen"]
[Black "Sutovsky,E"]
[Result "1/2-1/2"]
[WhiteElo "2482"]
[BlackElo "2624"]

1.d4 Nf6 2.c4 g6 3.g3 Bg7 4.Bg2 d5 5.cxd5 Nxd5 6.e4 Nb6 7.Ne2 c5 8.d5 e6
9.O-O O-O 10.Nbc3 Na6 11.Nf4 e5 12.Nd3 c4 13.Ne1 Bd7 14.Be3 Nc8 15.f4 Nd6
16.Qd2 Nb4 17.a3 Nd3 18.Nxd3 cxd3 19.Qxd3 Rc8 20.Rf2 Re8 21.fxe5 Bxe5 22.Bd4 b6
23.Raf1 Qe7 24.Bxe5 Qxe5 25.Qf3 Kg7 26.Qf4 f5 27.exf5 Qxf4 28.Rxf4 Bxf5 29.g4 Bd3
30.Rd1 Bc2 31.Rd2 Bb3 32.Rdf2 Re1+ 33.Rf1 Rce8 34.g5 h6 35.gxh6+ Kxh6 36.Rf6 Rxf1+
37.Rxf1 Kg7 38.Bh3 Bc4 39.Rf3 Re1+ 40.Kf2 Rc1 41.Ke3 Rc2 42.Rf2 Rxf2 43.Kxf2 Kf6
44.Kf3 Ke5 45.Be6 g5 46.Kg4 Kf6 47.Kh5 Bd3 48.b4 Bc2 49.h3 a5 50.bxa5 bxa5
51.a4 Nc4 52.Bd7 Bg6+ 53.Kh6 Nd6 54.Be6 Nf5+ 55.Bxf5 Bxf5 56.d6 Bxh3 57.Ne4+ Ke5
58.Nc5 Kxd6 59.Nb7+ Kc7 60.Nxa5  1/2-1/2

[Event "Gibtelecom Masters"]
[Site "Gibraltar ENG"]
[Date "2006.01.30"]
[Round "7"]
[White "Short,N"]
[Black "Zhu Chen"]
[Result "1-0"]
[WhiteElo "2676"]
[BlackElo "2482"]

1.e4 e6 2.d4 d5 3.Nc3 dxe4 4.Nxe4 Nd7 5.Nf3 Ngf6 6.Bd3 Nxe4 7.Bxe4 Nf6 8.Bg5 h6
9.Bxf6 Qxf6 10.Qe2 a6 11.O-O-O Bd6 12.Kb1 O-O 13.h4 Qe7 14.g4 f5 15.Bd3 Bd7
16.g5 h5 17.Rhe1 g6 18.d5 e5 19.Nxe5 Rfe8 20.f4 Qg7 21.Qh2 Re7 22.Re2 Be8
23.Rde1 Kf8 24.a3 Rd8 25.Qf2 a5 26.Nc4 Rxe2 27.Bxe2 Be7 28.Bf3 b6 29.Ne5 Bc5
30.Qd2 Be7 31.Qd3 Kg8 32.Qc4 Bd6 33.Nc6 Bxc6 34.dxc6+ Kf8 35.Re6 Be7 36.Bd5 Rd6
37.Re5 Rd8 38.c3 Ra8 39.Qe2 Bd6 40.Re6 Be7 41.Qe5 Qxe5 42.fxe5 Rd8 43.c4 f4
44.Rxg6 Rxd5 45.cxd5 Kf7 46.d6  1-0